00329nam a22001337a 4500020001800000040000900018082001600027100002200043110002300065245003800088250001100126260004000137650001800177 a9789812431257 cNUST a621.319 GLO aGlover, J. Duncan aSarma, Mulukutla.S aPower System; Analysis and Design a3rd Ed aAustralia;bWadsworth Group,c2002. aPower System